01087nam a2200217 a 450000100100000000500170001000800410002704000250006808200150009324502130010826000760032130000360039750001170043350000420055070000530059270000410064570000440068604900090073095201130073999900170085200002686220200930030445.0110325s1993 dr ac 000 0 spa d aDO-SdBNPbspacBNPHU axxxbA678p01aÁreas protegidas en República Dominicana :bcompendio y resultados : primer seminario nacional /ccompiladores Gabriel Valdez Sierra y José Ml. Mateo Féliz ; prólogo Miguel Francisco Amaro Guzmán. aSanto Domingo :bDirección Nacional de Parques : WWF,bTaller,c1993. a159 p. :bil., retrs. ;c24 cm. aPrimer seminario nacional sobre áreas protegidas en República Dominicana, que se celebró 5 a 7 abril 1991. aIncluye notas al pie de las páginas1 aAmaro Guzmán, Miguel Franciscoepról.9539761 aValdez Sierra, Gabrielecomp.9375471 aMateo Féliz, José Ml.ecomp.953977 aBNPD 0010718PDaPDbPDcCTd2011-03-25iLF1l0oxxx A678pp26862-10r2020-06-25w2020-06-25yLFPDZNo se presta c26354d26354